000 00347cam a22001097a 4500
008 180718b1987 xxu||||| |||| 00| 0 eng d
082 _aYA3x54 In2p/1987
245 _aNational science and technology policy
_cby Lok Sabha Secretariat, India
260 _aDelhi
_bLok Sabha Secretariat
_c1987
300 _a62p.
700 _aIndia. Lok Sabha Secretariat
999 _c499273
_d499273